000 00260nam a2200109Ia 4500
008 220204s9999 xx 000 0 und d
082 _a82-3
_bBRO
100 _aBrown, Carter
245 4 _aThe Streaked blond slave
260 _aNew York
_bNAL
_c1969
942 _cBK
999 _c33961
_d33961